[Event "Excelsior Cup"]
[Site "Gothenburg"]
[Date "2000.??.??"]
[Round "9"]
[White "Ziegler, Ari"]
[Black "Svensson, Bengt"]
[Result "0-1"]
[WhiteElo "2372"]
[BlackElo "2380"]
[Annotator "Ribli,Z"]
[PlyCount "58"]
[EventDate "2000.01.07"]
[EventType "tourn"]
[EventRounds "9"]
[EventCountry "SWE"]
[EventCategory "9"]
[SourceTitle "CBM 076"]
[Source "ChessBase"]
[SourceDate "2000.05.31"]
[SourceVersion "1"]
[SourceVersionDate "2000.05.31"]
[SourceQuality "1"]

1. e4 c5 2. Nf3 e6 3. d4 cxd4 4. Nxd4 a6 5. Bd3 Nf6 6. O-O Qc7 {Ein schlauer
Wartezug - Schwarz spielt noch nicht 6...d6, denn in einigen Varianten kann er
mit dem Bf8 z.B. nach c5 ziehen.} 7. Kh1 {Dieser Wartezug gibt Weiß allenfalls
gleiche Chancen.} (7. Qe2 {Das ist die beste Möglichkeit für Weiß - Schwarz
muss 7...d6 spielen.}) (7. c4 Nc6 8. Nxc6 dxc6 9. f4 e5 $13 {In dieser
Variante z.B. kann der Bf8 nach c5 kommen.}) 7... d6 {Dieser Zug führt zu
komplitziertem Spiel, während das einfachere 7...d5 Schwarz Ausgleich
verschafft.} (7... d5 $5 8. exd5 Nxd5 9. Be4 (9. f4 g6) 9... Nf6 10. Bf3 Be7
$10 {Weiß hat eine Bauernmehrheit am Damenflügel, aber Schwarz steht angenehm
- anschließend kann er mit e6-e5 aktives Spiel im Zentrum entwickeln.}) 8. f4
Nbd7 (8... Be7) 9. Qe1 {Die weiße Dame zieht nach g3, von wo aus sie den
Königsflügel kontrolliert und den eventuellen Durchbruch e4-e5 unterstützen
kann.} (9. c4 g6 $2 (9... Be7 10. Nc3 O-O 11. Be3 b6 12. Rc1 $14) (9... b6) (
9... Nc5) 10. f5 e5 (10... gxf5 11. exf5 e5 12. Ne6 $1 $16) 11. Nc2 gxf5 12.
Rxf5 Be7 13. Nc3 {1-0 Huebner,R-Lutz,C/BL9293 1993/CBM 38/[Huebner,R] (61)}) (
9. Qe2 Be7 10. Nc3 b5 11. a4 $5 $13 (11. e5 $6 {Auf diese Weise möchte Weiß
die Schwächung der Diagonale h1-a8 nutzen.} dxe5 12. fxe5 Qxe5 (12... Nxe5 13.
Bf4 $16) 13. Qf3 Bd6 14. g3 Rb8 (14... O-O) 15. Nc6 Bb7 16. Ne4 (16. Be4 Qxc3
$1) 16... Bxc6 17. Nxf6+ Qxf6 18. Qxc6 Qd4 $13)) 9... b6 10. Nc3 Bb7 11. Bd2 $5
{Das ist der richtige Platz für den Läufer. Das - auf den ersten Blick -
aktivere 11.Be3 ist weniger stark, weil Weiß nicht so effektiv Rae1 spielen
kann und der Pe4 angreifbar wird.} Be7 12. Qg3 g6 $1 {[%mdl 32] Schwarz
rochiert (noch) nicht - das ist richtige Strategie. Der Textzug ist nützlich -
in einigen Varianten kann Schwarz e6-e5 ziehen, ohne Nf5 fürchten zu müssen.}
13. Rae1 (13. f5 $2 gxf5 14. exf5 Rg8 {[%cal Rg8g2,Rb7h1]} 15. Bg5 e5 16. Ne6 (
16. Nde2 h6 $19) 16... fxe6 17. fxe6 Nc5 $19) 13... Nc5 $11 {Weiß befindet
sich in Angriffsstellung, aber Schwarz hat keine Schwächen. Der schwarze König
steht nicht schlecht in der Mitte.} 14. b4 {Weiß möchte die Situation im
Zentrum klären und vertreibt den Nc5.} (14. e5 Nh5 (14... Nd5 $11) (14... dxe5
$6 {Dieser Zug verschafft Weiß Chancen auf der f-Linie.} 15. fxe5 $40 {[%cal
Gf1f7]}) 15. Qf2 O-O $11) 14... Nxd3 15. cxd3 {Schwarz hat das Läuferpaar,
aber jetzt hat der Bb7 wegen der Bauernkette d3-e4 wenig Wirkung.} Qd7 $1 {
[%mdl 4] Ein sehr guter prophylaktischer Zug! Früher, oder später steht die
Dame schlecht auf c7, besonders, wenn Weiß Rc1spielt.} 16. Nf3 Rc8 {Schwarz
ist konsequent und rochiert nicht, sondern macht alle am Damenflügel mögliche
und sinnvolle Züge .} 17. Qh3 Nh5 {Droht 18...Nxf4 nebst 19...Rxc3 mit
Bauerngewinn.} (17... O-O $11) 18. f5 (18. Rc1 O-O $11 {Schwarz hat eine
bequeme Stellung.}) 18... exf5 19. exf5 O-O {[%cal Gd7h3] Jetzt wird die Idee
von 16...Qd7 deutlich! Die schwarze Dame verteidigt die Stellung ausgezeichnet.
} (19... Qxf5 20. Qxf5 (20. Qh4 $5 $44) 20... gxf5 21. Nd4 Rg8 22. Re2 $44) 20.
fxg6 (20. Na4 $5 Qxa4 (20... Bd8) 21. Rxe7 Bd5 $11) 20... Qxh3 21. gxh7+ Kxh7
22. gxh3 Bh4 $44 {[%cal Gb7h1] Schwarz hat einen Bauern weniger, steht aber
keineswegs schlechter. Die Fesslung auf der Diagonale a8-h1 ist sehr
unangenehm für Weiß.} 23. Rc1 f5 {Damit beraubt Schwarz den weißen Springer
des Feldes e4.} 24. d4 (24. b5 axb5 25. Nxb5 Rxc1 26. Bxc1 Re8 $44) 24... Nf6 {
[%csl Ye4][%cal Gf6e4]} 25. Bf4 Rc4 $1 $15 {[%cal Gc4d4,Gc4b4,Rf8c8,Rc8c1]
Nach diesem Zug hat Schwarz leichtes Spiel - es droht 26...Rfc8, und die
Bauern b4 und d4 sind schwach.} 26. Ne2 (26. Bxd6 $2 Rfc8 $19) 26... Rxc1 27.
Nxc1 (27. Bxc1 Re8 $15) 27... Rc8 28. Kg1 $2 (28. Ne2 Nd5 $15) 28... Rg8+ 29.
Kh1 Ne4 $19 {[%cal Re4f2,Rf2h1,Re4d2,Rd2f3,Rd2f1] Weiß gab in verlorener
Stellung auf. Gegen die vielseitigen Drohungen kann er nichts ausrichten.} 0-1

[Event "Bundesliga 0102"]
[Site "Germany"]
[Date "2001.11.25"]
[Round "4.2"]
[White "Sokolov, Andrei"]
[Black "Markowski, Tomasz"]
[Result "1-0"]
[WhiteElo "2604"]
[BlackElo "2548"]
[Annotator "Ribli,Z"]
[PlyCount "63"]
[EventDate "2001.10.06"]
[EventType "team-tourn"]
[EventRounds "15"]
[EventCountry "GER"]
[SourceTitle "CBM 087"]
[Source "ChessBase"]
[SourceDate "2002.03.21"]
[SourceVersion "1"]
[SourceVersionDate "2002.03.21"]
[SourceQuality "1"]
[WhiteTeam "Tegernsee"]
[BlackTeam "Koenig Plauen"]
[WhiteTeamCountry "GER"]
[BlackTeamCountry "GER"]

1. e4 c5 2. Nf3 e6 3. d4 cxd4 4. Nxd4 a6 5. Nc3 b5 {Dieser Zug erfreut sich in
jüngster Zeit großer Beliebtheit - Schwarz entwickelt noch nicht seinen
Königsflügel, sondern sucht zuerst Gegenspiel am Damenflügel.} 6. Bd3 d6 {
Dieser Zug gefällt mir nicht - die konsequente Fortsetzung wäre 6...Qb6. Nach
dem Textzug bekommt Weiß eine aktive Stellung, in der er nach und nach die
Schwächung des schwarzen Damenflügels mitttels a2-a4 ausnutzen kann.} (6... Qb6
) 7. O-O Nf6 8. Qe2 (8. Re1) 8... Be7 (8... Bb7 9. a4 b4 10. Na2 Be7 11. Nxb4
d5 12. e5 Bxb4 13. exf6 Qxf6 14. c3 Be7 15. Bb5+ $1 Nd7 16. Bxd7+ Kxd7 17. Be3
Rhc8 18. Nf3 Bd6 19. Rfe1 Ke8 20. Bd4 {1-0 Ribli,Z-Garcia Martinez,S/
Cienfuegos 1972/EXT 99 (36)}) 9. f4 (9. a4 b4 10. Na2 a5 11. c3 e5 12. Bb5+ Kf8
13. Nb3 Na6 14. Bd2 Nc5 15. Nxc5 dxc5 16. Rfd1 {1/2-1/2 Faibisovich,V-Rodkin,R/
Pardubice CZE 2001/(58)}) (9. Kh1 Qc7 10. f4 Nbd7 11. Bd2 Bb7 12. b4 O-O 13. a4
bxa4 14. Rxa4 Nb6 15. Ra5 Rfc8 {0-1 Rohl Montes,J-Bologan,V/New York 1998/CBM
64 (50)}) 9... Bb7 10. a4 {Das ist ein typisches Motiv: Weiß nutzt die
Schwächung des schwarzen Damenflügels.} (10. a3 g6 11. b4 O-O 12. Kh1 Nbd7 13.
Bb2 e5 14. Nb3 Rc8 {0-1 Semerij,Y-Kuzmin,G/Alushta 2001/EXT 2002 (37)}) (10.
Bd2 O-O 11. Kh1 Nbd7 12. b4 Nb6 13. Nb3 Rc8 {0-1 Samaritani,F-Kovacevic,S/
Cattolica 1989/EXT 97 (33)}) 10... b4 (10... bxa4 11. Rxa4 $14 {[%cal Ge2a6,
Ga4a6]}) 11. Nd1 {[%cal Gd1f2,Gf2g4] Der Springer steht nicht schlecht auf d1
- in der Folge gelangt der Springer über f2-g4 zurück ins Spiel.} Nbd7 12. a5 {
Damit verhindert Weiß das mögliche a6-a5.} (12. Nf2) 12... Nc5 (12... d5 13. e5
Ne4 14. Bxe4 dxe4 15. Be3 $14) 13. Nf2 $14 Nfd7 (13... Nxd3 14. cxd3 $14) 14.
Bd2 {[%csl Rb4][%cal Rd2b4] Nun bekommt Schwarz große Probleme bei der
Verteidigung des Pb4.} Bf6 (14... Nxd3 15. cxd3 (15. Nxd3 Nc5 16. Nf2 Bf6 17.
Qe3 $14) 15... d5 16. e5 $14) 15. Qe3 b3 {Schwarz opfert einen Bauern, da er
den Pb4 ohnehin nicht mehr halten kann.} (15... Nxd3 16. cxd3 $5 $14 (16. Nxd3
Nc5 17. Nf2 $14)) 16. Bc3 $1 (16. cxb3 O-O 17. Bc2 e5 18. fxe5 Nxe5 19. Bc3 Bg5
20. Qe2 Ne6 21. Nxe6 fxe6 22. b4 Bc6 23. Ba4 Bxa4 24. Rxa4 Qd7 25. Raa1 Nc6 26.
Rad1 Rfb8 27. Nd3 {1-0 Ashley,M-Bologan,V/Connecticut 2000/EXT 2001 (39)})
16... O-O (16... bxc2 17. Bxc2 $16 {[%csl Rc5][%cal Rb2b4,Rb4c5] Schwarz hat
große Schwierigkeiten - sein Nc5 steht unglücklich, es droht 18.b4 mit
Figurengewinn.}) 17. cxb3 e5 {Dieser Zug schwächt das Feld f5, andernfalls
jedoch behält Weiß einfach einen Bauern mehr.} 18. fxe5 dxe5 (18... Bg5 19. Qe2
(19. Qh3 dxe5 20. Nf5 Nxb3 21. Rad1 $36) 19... dxe5 20. Nf5 Nxb3 21. Rad1 $16)
19. Nf5 Nxb3 20. Rad1 {[%cal Gd1d8] Die Stellung ist materiell zwar
ausgeglichen, aber die weißen Figuren stehen viel aktiver.} Nd4 21. Ng4 $1 {
[%mdl 2048] Weiß mobilisiert all seine Resourcen.} (21. Nxd4 $6 exd4 22. Bxd4
Qxa5 $11) 21... Bg5 22. Qg3 {[%cal Gg3g8]} Nxf5 23. Rxf5 $1 (23. exf5 $14)
23... Bh4 24. Qh3 {Droht 25.Rh5 mit sofortigem Gewinn.} Be7 25. Bc4 $16 {
[%csl Rg8][%cal Gc4g8,Gd1d8,Gh3d7] Weiß hat sehr aktive Figuren und eine
Vielzahl von Drohungen. Der schwarze Nd7 ist gefesselt, und dazu ist der
Königsflügel schwach.} Qc7 {[#]} 26. Bxf7+ $1 {[%mdl 512]} (26. Rxf7 Rxf7 27.
Bxf7+ Kxf7 {Durch Zugumstellung gelangen wir zu unserer Originalpartie.}) 26...
Rxf7 (26... Kh8 27. Qxh7+ Kxh7 28. Rh5#) 27. Rxf7 Kxf7 28. Rxd7 $1 Qc5+ (28...
Qxd7 29. Nxe5+ $18) 29. Kh1 Bc8 30. Nxe5+ Ke8 31. Qe6 $1 $18 {[%cal Re6f7,
Rf7e8]} Bxd7 32. Qg8+ 1-0

[Event "FIDE-Wch k.o."]
[Site "Las Vegas"]
[Date "1999.08.04"]
[Round "2.2"]
[White "Adams, Michael"]
[Black "Kobalia, Mihail"]
[Result "1-0"]
[WhiteElo "2708"]
[BlackElo "2573"]
[Annotator "Ribli,Z"]
[PlyCount "103"]
[EventDate "1999.07.31"]
[EventType "k.o."]
[EventRounds "7"]
[EventCountry "USA"]
[SourceTitle "CBM 072"]
[Source "ChessBase"]
[SourceDate "1999.10.01"]
[SourceVersion "1"]
[SourceVersionDate "1999.10.01"]
[SourceQuality "1"]

{[%mdl 48]} 1. e4 c5 2. Nf3 e6 3. d4 cxd4 4. Nxd4 a6 5. Bd3 Nf6 6. O-O Qc7 {
Eine schlaue Zugfolge. Schwarz spielt noch nicht 6...d6, denn jetzt kann er
nach 7.c4 noch 7...Nc6 spielen und sein Läufer kann in einigen Varianten nach
c5 gelangen. Ribli.} 7. Qe2 {Das ist die beste Fortsetzung für Weiss. Jetzt
hat Schwarz nichts besseres als 7...d6 zu spielen.} d6 8. c4 g6 {Mit dieser
Läuferentwicklung verliert Schwarz Zeit, aber der Läufer steht in der langen
Diagonalen besser. Der Nachteil des Zuges ist die Schwächung des Bauern auf d6.
} 9. Nc3 Bg7 10. Nf3 {Das ist der beste Plan für Weiss. Mit folgendem Bf4 und
Rd1 kann er den d6-Bauern belagern.} Nbd7 11. Bf4 O-O 12. Rfd1 Nh5 (12... Ng4
13. Rac1 b6 14. b3 Nge5 15. Bb1 Nxf3+ 16. Qxf3 Ne5 17. Qe3 Re8 (17... Rd8 18.
h3 Rb8 19. Qd2 Bb7 20. Be3 Ba8 21. f4 Nc6 22. Bd3 Qb7 23. Be2 Qe7 24. Bf1 Na7
25. Qf2 {1-0 Gurevich,V-Podzielny,K/Germany 1997/EXT 99 (41)}) 18. h3 Bf8 19.
Kh1 Rb8 20. Bh6 Be7 21. f4 Nd7 22. Qd4 Nf6 23. Bg5 {1/2-1/2 Magem Badals,
J-Kovacevic,S/Andorra 1997/CBM 58 ext (41)}) 13. Be3 Bxc3 $5 {Schwarz gibt das
Läuferpaar auf und erreicht eine geschlossene Stellung, in der die Springer
theoretisch stärker als die Läufer sind. Anderseits bleibt der d-Bauern
schwach und Weiss hat so nachhaltige initiative und starke Kontrolle über die
schwarzen Felder.} (13... b6 14. Qd2 Re8 (14... Rd8 $6 15. Be2 Bf8 16. Bh6 Bb7
17. Rac1 Nhf6 18. Bxf8 Nxf8 19. Qd4 $1 $14 {1-0 Leko,P-Bauer,T/Magyarorszag
1993/Inf 59/[Leko,P] (40)}) 15. Be2 Bf8 16. Bh6 Be7 17. Bg5 Bf8 18. Rac1 {
1-0 Nijboer,F-Smirin,I/Wijk aan Zee (open) 1993/Inf 57/[Nijboer,F] (48)}) (
13... Re8 14. Rac1 b6 15. Bb1 Bb7 16. Qd2 Bf8 17. Bh6 Be7 18. Bg5 (18. b3 Rac8
19. Nd4 Qb8 20. Bg5 Bf8 21. Bh6 {1/2-1/2 Martin del Campo,R-Urday,H/Capablanca
mem-B 1994/CBM 43 (21)}) 18... Bf8 19. Bh6 Be7 20. Bg5 Ndf6 21. h3 Red8 22. Qe3
Rab8 23. Bd3 Ba8 24. a3 Rd7 25. Be2 Qc5 26. Qxc5 bxc5 27. e5 {1-0 Bosch,
J-Bosboom,M/Wijk aan Zee 1997/CBM 60 ext (44)}) 14. bxc3 e5 15. Bh6 {[%csl Gh6]
} Re8 16. Qe3 Nc5 17. h3 {Gegen 17...Bg4 gerichtet.} Be6 18. Be2 Nf6 (18...
Rac8) 19. Nd2 Kh8 20. Bg5 $14 {Schwarz hat eine gute Springerstellung auf c5
und die bessere Bauernstruktur, aber Weiss hat dauerhafte Initiative auf den
schwarzen Feldern.} Ng8 (20... Nfd7 21. Nb3 $14) 21. Qg3 Qc6 22. Be3 Rad8 (
22... Nxe4 23. Nxe4 Qxe4 24. Rxd6 Bxc4 25. Bf3 $14) 23. Rab1 {[%cal Gb1b7]} Rd7
24. Rb4 f6 (24... Nxe4 25. Nxe4 Qxe4 26. Bf3 Qc2 27. Rxd6 $14 {[%cal Gg3e5,
Ge5h8]}) 25. f3 {Stufenweise verbessert Weiss seine Stellung. Der e-Bauer
hängt nicht mehr und Weiss kann den Kampf gegen den c5-Springer vorbereiten.}
Qc8 26. Qf2 Ne7 27. Nb3 Nxb3 28. axb3 {[%csl Yb6][%cal Gb4b6]} b5 $6 (28... Nc6
29. Rb6 $14) 29. cxb5 a5 (29... Qxc3 30. Bd2 $16) 30. Rc4 $1 Bxc4 31. Bxc4 {
[%csl Gb5,Gc4,Ge3][%cal Rc4e6,Re6c8] Weiss hat mehr als ausreichenden Ersatz
für das Material. Sein b5-Bauer ist mit der Unterstützung des Läuferpaares
besonders gefährlich.} d5 $5 {Schwarz strebt nach Komplikationen. Das ist eine
gute Idee, denn nach normalen Zügen bleibt er in Nachteil.} (31... Qb8 32. Bb6
$16) 32. exd5 a4 33. Bc5 axb3 34. Bxb3 $16 {Weiss besitzt das Läuferpaar und
zwei Bauern für die Qualität und seine drei(!) verbundenen Bauern sind kaum zu
halten.} Nf5 35. b6 {[%cal Rb3a4,Ra4e8]} (35. c4 $16) 35... Qa6 36. g4 Qb5 37.
Rb1 (37. Ba2 $16) 37... Nd6 38. Bc2 $6 {Dieser Zug ist nicht schlecht, aber
die Alternative scheint mir besser zu sein.} (38. Bxd6 $1 Rxd6 39. c4 Qb4 40.
Ba2 Qc3 41. c5 $18) 38... Qa6 39. Rb4 {[%cal Rc2a4,Ra4e8]} Nb7 (39... Qa1+ 40.
Kg2 Qxc3 41. Ba4) 40. Ba4 {[%cal Ra4e8]} Rxd5 (40... Nxc5 41. Qxc5 Rc8 42. b7
Rxc5 43. Bxd7 $18 {[%cal Rb7b8]}) 41. Bxe8 Rxc5 42. Ra4 Qd3 $2 (42... Ra5 $8
43. Rxa5 Qxa5 44. Bc6 $16) (42... Qxb6 43. Rb4 $18 {Und nach dem Damenzug
spielt Weiss 44.Rxb7 mit Gewinn.}) 43. Ra8 $1 {[%cal Ra8h8]} Qb1+ 44. Kg2 Qxb6
(44... Kg7 45. Ra7 Qxb6 46. Rxb7+ $18) 45. Bxg6+ $5 (45. Bc6+ Kg7 46. Bd5 $1 h6
47. Rb8 $18) 45... Kg7 46. Bxh7 $1 Rb5 (46... Kxh7 47. Qh4+ Kg6 48. Qh5+ Kg7
49. Qh8+ Kg6 (49... Kf7 50. Qe8+ Kg7 51. Qd7+ $18) 50. Qg8+ Kh6 51. g5+ fxg5
52. Qh8+ Kg6 53. Rg8+ Kf5 54. Qh7+ Ke6 55. Rg6+ $18) 47. Qxb6 Rxb6 48. Be4 $18
{Weiss hat zwei Bauern mehr und eine aktive Stellung. Das ist ein leichtes
Training für Grossmeister Adams.} Rb2+ 49. Kg3 Nd6 50. Ra7+ Kf8 (50... Kh6 51.
Rh7+ Kg5 52. h4#) 51. Bd5 {[%csl Gd5]} Rc2 52. Rd7 {Und Schwarz gab in
verlorener Stellung auf. Nach einem Springerzug kommt 53.Rf7+ mit Gewinn.} 1-0